Metastädte Asiens - Statistiken

Allgemein
  • Dieses Quiz wurde 68 mal gespielt
  • Das Durchschnittsergebnis liegt bei 11 aus 12
Antwortstatistiken
Einwohner Land Stadt % Korrekt
41.2 Mio. Japan Tokio
100%
25.2 Mio. Südkorea Seoul
98%
21.5 Mio. China Peking
97%
21.8 Mio. Thailand Bangkok
95%
29.5 Mio. Indonesien Jakarta
90%
27.8 Mio. Philippinen Manila
90%
41.6 Mio. China Shanghai
90%
27.6 Mio. Indien Mumbai
89%
35.7 Mio. Indien Delhi
84%
23.1 Mio. Bangladesch Dhaka
84%
72.7 Mio. China Guangzhou
74%
21.0 Mio. Pakistan Karatschi
73%
Keine übereinstimmenden Quizze gefunden
Verteilung der Resultate
Anzahl Personen mit jedem Resultat
Perzentil nach korrekt beantworteten Fragen
Ihre Resultats-Entwicklung
Sie haben dieses Quiz noch nicht gespielt